01338nam a2200313 a 4500001001200000003000800012006001900020007001500039008004100054020001800095020002700113040002100140035002100161043002100182050002600203245014200229260004600371300001500417533015200432650006400584650005700648650005900705650005200764655002900816700001900845710001700864856012600881999001701007ebr10655466CaPaEBRm u cr cn|||||||||130228s2010 stk s 000 0 eng d z9781845860943 z9781845862169 (e-book) aCaPaEBRcCaPaEBR a(OCoLC)828140149 ae-uk---ae-uk-st14aDK215.97b.L48 2010eb00aLetters from the Crimeah[electronic resource] :bwriting home, a Dundee doctor /cedited by Douglas Hill ; introduction by Trevor Royle. aDundee :bDundee University Press,c2010. axi, 224 p. aElectronic reproduction.bPalo Alto, Calif. :cebrary,d2013.nAvailable via World Wide Web.nAccess may be limited to ebrary affiliated libraries. 0aCrimean War, 1853-1856zGreat BritainvPersonal narratives. 0aCrimean War, 1853-1856xMedical carezGreat Britain. 0aCrimean War, 1853-1856zScotlandvPersonal narratives. 0aCrimean War, 1853-1856xMedical carezScotland. 7aElectronic books.2local1 aHill, Douglas.2 aebrary, Inc.40uhttp://site.ebrary.com/lib/rucke/Doc?id=10655466zAn electronic book accessible through the World Wide Web; click to view c76445d76445